000 01247nam a2200229Ia 4500
001 L240-12144
003 IT-CnALBA
008 170116s9999||||xx |||||||||||||| ||und||
040 _aIT-CnALBA
_cIT-CnALBA
041 _aITALIANO
100 _aANCEL ALFRED, VESCOVO.
245 0 _aIL SACERDOTE SECONDO IL VANGELO.
250 _a1a ed.
260 _aTREVISO
_bTREVIGIANA EDITRICE TIPOGRAFIA. TREVISO'
_c1964 [1° Ed.:1964 - Ed.Ling.Originale: 1964]
300 _a355 p. (prefazione: 5)
500 _aCORSO DI RITIRO SPIRITUALE PREDICATO NELLA CASA DI POSSAGNO. RITIRO DEGLI APOSTOLI. AMORE DI GESÙ PER GLI APOSTOLI. PENITENZA NEL VANGELO. TIEPIDEZZA. CONOSCENZA DI GESÙ CRISTO UOMO DIO. PECCATO. OFFERTA DI GESÙ PER LA SALVEZZA. MISTERO DELL'OBBEDIENZA. S
501 _aSocietà San Paolo EM - Piazza San Paolo, 14 - 12051 ALBA (CN) (non commercial uses only) ® Copyright 2017
520 _aCORSO DI RITIRO SPIRITUALE PREDICATO NELLA CASA DI POSSAGNO. RITIRO DEGLI APOSTOLI. AMORE DI GESÙ PER GLI APOSTOLI. PENITENZA NEL VANGELO. TIEPIDEZZA. CONOSCENZA DI GESÙ CRISTO UOMO DIO. PECCATO. OFFERTA DI GESÙ PER LA SALVEZZA. MISTERO DELL'OBBEDIENZA. S
650 _aTEOLOGIA SPIRITUALE CRISTIANA
942 _cBK
957 _71
999 _a16897
_bNO
_g Copie: 1
_c271321
_d271321